| 000 | 00524nam a22001337a 4500 | ||
|---|---|---|---|
| 040 | _c.RUA | ||
| 082 | _aLMA SAM | ||
| 100 | _aSAMNG RAKSMEY; សាំង រស្មី | ||
| 245 | _aStudy on develoment planning of leuk daek downtown in kandal province; សិក្សាពីផែនការអភិវឌ្ឍនទីរួមស្រុកលើកដែក ខេត្តកណ្ដាល | ||
| 260 |
_aPHNOM PENH _bSAM _c2015 |
||
| 300 |
_axiv;80p. _bill. _c29cm. |
||
| 856 | _uSAMNG RAKSMEY | ||
| 942 | _cLMA | ||
| 999 |
_c10951 _d10951 |
||